书目信息 |
| 书名: | Cogeneration and district heating | |
| 作者: | by Roy Meador. | |
| 分册号: | ||
| 分册名: | 出版地: | Ann Arbor, Mich. : |
|
| 出版社: | Ann Arbor Science | |
| 出版时间: | c1981. | |
| 页数: | xix, 203 p. : | |
| 开本: | 24 cm. | |
| 丛书名: | ||
| 中图分类号: | ||
| 科图分类号: | ||
| 其他分类号: | TU995 | |
| 主题词: | ||
| 电子资源: | ||
| 000 | 00836nam 2200253 a 4500 | |
| 001 | E0754548162 | |
| 005 | 20070307144632.06 | |
| 008 | 00110 eng | |
| 008 | uu | |
| 010 | @a81067258 | |
| 020 | @a0250404206. | |
| 049 | @aN5LA | |
| 050 | 0 | @aTK1041 @b.M4 |
| 082 | 0 | @a621.1/9 @219 |
| 090 | @aTU995 | |
| 099 | @dTU995@ex3 | |
| 100 | 10 | @aMeador, Roy. |
| 245 | 10 | @aCogeneration and district heating :@ban energy-efficiency partnership / @cby Roy Meador. |
| 260 | 0 | @aAnn Arbor, Mich. :@bAnn Arbor Science,@cc1981. |
| 300 | @axix, 203 p. :@bill. ;@c24 cm. | |
| 504 | @aIncludes bibliographical references and index. | |
| 650 | 0 | @aCogeneration of electric power and heat. |
| 650 | 0 | @aHeating from central stations. @b00 @c20020930 @lNLC09 @h2248 @lNLC09 @h2323 @lNLC09 @h1914 |
| 852 | 9 | @bWWJC @cJ08S @k2 @hTU995 @iMR |
| Cogeneration and district heating : : an energy-efficiency partnership / / by Roy Meador.-Ann Arbor, Mich. : : Ann Arbor Science, , c1981. |
| xix, 203 p. : : ill. ; ; 24 cm. |
| Includes bibliographical references and index. |
| ISBN 0250404206. |
| ● |
| 相关链接 |
|
|
|
|
正题名:Cogeneration and district heating
索取号:TU995/x3
 
预约/预借
| 序号 | 登录号 | 条形码 | 馆藏地/架位号 | 状态 | 备注 |
| 1 | 0000230 | 300002306 | 第四借阅区/ [索取号:TU995/x3] | 在馆 |